| 000 | 00690nam a22001577a 4500 | ||
|---|---|---|---|
| 003 | OSt | ||
| 005 | 20151202144239.0 | ||
| 008 | 151202b xxu||||| |||| 00| 0 eng d | ||
| 040 | _cRUA | ||
| 082 | _aFIS YUN 2003 B175 Or.1 | ||
| 100 |
_94146 _aYUN KIM SAN; យុន គឹមសាន |
||
| 245 | _aGrowth evaluation of different stocking density of bardonymus altus in hapa, ការវាយតំលៃកំរិតលូតលាស់ របស់ត្រីកាហែ បំប៉នក្នុងហាប៉ានូវកំរិតដង់ស៊ីតេខុសៗគា្ន. | ||
| 260 |
_aPhnom Penh _bRUA _c2003 |
||
| 300 |
_a43p. _bill. _c29cm. |
||
| 942 |
_2ddc _cFIS |
||
| 999 |
_c3859 _d3859 |
||